[Event "EU-chT Seniors 05th"]
[Site "Dresden"]
[Date "2003.02.27"]
[Round "5.1"]
[White "Holt, Trevor J"]
[Black "Kleinwaechter, Matthias"]
[Result "1-0"]
[WhiteElo "1776"]
[BlackElo "1974"]
[EventDate "2003.02.23"]
[PlyCount "33"]

1.e4 c5 2.d4 cxd4 3.Nf3 e6 4.Nxd4 Nf6 5.Bd3 d6 6.O-O Be7 7.f4 Nc6 8.Nxc6 
bxc6 9.e5 dxe5 10.fxe5 Qd4+ 11.Kh1 Qxe5 12.Nc3 O-O 13.Bf4 Qa5 14.Qe2 Bd7 
15.Be5 Kh8 16.Rxf6 Bxf6 17.Qe4 1-0

[Event "EU-chT Seniors 05th"]
[Site "Dresden"]
[Date "2003.02.27"]
[Round "5.1"]
[White "Johannessen, Svein"]
[Black "Rosen, Willy"]
[Result "1-0"]
[WhiteElo "2337"]
[BlackElo "2326"]
[EventDate "2003.02.23"]
[PlyCount "53"]

1.d4 Nf6 2.c4 e6 3.Nc3 Bb4 4.Bg5 h6 5.Bh4 O-O 6.Qc2 c5 7.e3 Nc6 8.dxc5 
Bxc5 9.Nf3 Be7 10.Be2 d6 11.O-O a6 12.Rfd1 Qc7 13.Rac1 b6 14.Bxf6 Bxf6 15.
Nd5 Qb8 16.Nxf6+ gxf6 17.Qe4 Ne5 18.Qh4 Kg7 19.Nxe5 dxe5 20.e4 f5 21.Rc3 
f4 22.Rh3 Rh8 23.Rd8 Rh7 24.Qe7 Qb7 25.Qf8+ Kg6 26.g4 f5 27.gxf5+ 1-0

[Event "EU-chT Seniors 05th"]
[Site "Dresden"]
[Date "2003.02.27"]
[Round "5.1"]
[White "Neukirch, Detlef"]
[Black "Turikov, Viktor"]
[Result "0-1"]
[WhiteElo "2287"]
[BlackElo "2370"]
[EventDate "2003.02.23"]
[PlyCount "46"]

1.e4 b6 2.d4 Bb7 3.Nc3 e6 4.Nf3 Bb4 5.Bd3 Nf6 6.Bg5 h6 7.Bxf6 Bxc3+ 8.bxc3
Qxf6 9.O-O Nc6 10.e5 Qe7 11.Nd2 O-O-O 12.a4 f6 13.f4 g5 14.exf6 Qxf6 15.
Ne4 Qe7 16.f5 exf5 17.Rxf5 Rdf8 18.Qg4 a5 19.Raf1 Nd8 20.c4 Ne6 21.Re5 
Rxf1+ 22.Bxf1 Rf8 23.c5 Qf7 0-1

[Event "EU-chT Seniors 05th"]
[Site "Dresden"]
[Date "2003.02.27"]
[Round "5.1"]
[White "Pojedziniec, Wladyslaw"]
[Black "Hamm, Georg"]
[Result "1/2-1/2"]
[WhiteElo "2225"]
[BlackElo "2059"]
[EventDate "2003.02.23"]
[PlyCount "28"]

1.c4 d6 2.d4 Nf6 3.Nc3 g6 4.e4 Bg7 5.Be2 Nbd7 6.Nf3 O-O 7.Bg5 h6 8.Bh4 e5 
9.d5 a5 10.Nd2 Nc5 11.O-O Bd7 12.b3 Qe8 13.a3 Nh7 14.g4 Bf6 1/2-1/2

[Event "EU-chT Seniors 05th"]
[Site "Dresden"]
[Date "2003.02.27"]
[Round "5.1"]
[White "Uhlmann, Wolfgang"]
[Black "Braun, Gottfried"]
[Result "1-0"]
[WhiteElo "2446"]
[BlackElo "2251"]
[EventDate "2003.02.23"]
[PlyCount "51"]

1.c4 e5 2.Nc3 f5 3.d4 exd4 4.Qxd4 Nc6 5.Qf4 Nf6 6.Nf3 d6 7.g3 Be7 8.Bg2 
O-O 9.O-O Qe8 10.b3 Ne4 11.Bb2 Bf6 12.Qc1 Nxc3 13.Bxc3 Bd7 14.e3 Qh5 15.c5
Bxc3 16.Qxc3 dxc5 17.Qxc5 Be6 18.Ne5 Nxe5 19.Qxe5 Qf7 20.Bxb7 Rae8 21.Qa5 
c5 22.Bg2 c4 23.bxc4 Bxc4 24.Rfc1 Rd8 25.Rab1 Bd5 26.Rd1 1-0

[Event "EU-chT Seniors 05th"]
[Site "Dresden"]
[Date "2003.02.27"]
[Round "5.1"]
[White "Weber, Bernd"]
[Black "Hampel, Johannes"]
[Result "1-0"]
[WhiteElo "2115"]
[BlackElo "2003"]
[EventDate "2003.02.23"]
[PlyCount "67"]

1.Nf3 d5 2.g3 Nf6 3.Bg2 e6 4.O-O Be7 5.d4 O-O 6.Nbd2 b6 7.c4 Bb7 8.cxd5 
Bxd5 9.Qc2 c5 10.e4 Bb7 11.dxc5 Bxc5 12.e5 Nd5 13.Ne4 Nb4 14.Qb1 Ba6 15.
Nxc5 bxc5 16.Bg5 Qc7 17.Rd1 N8c6 18.Qe4 Bb7 19.Rac1 Nd5 20.Rxc5 Qb6 21.
Rdc1 Ncb4 22.a3 Na6 23.R5c4 Nc3 24.Qg4 Ne2+ 25.Kf1 f5 26.exf6 Nxc1 27.Rxc1
Rac8 28.Rxc8 Rxc8 29.Be3 Qb5+ 30.Kg1 Qd7 31.Ne5 Qc7 32.Qxe6+ Kh8 33.Nf7+ 
Kg8 34.Nd6+ 1-0

[Event "EU-chT Seniors 05th"]
[Site "Dresden"]
[Date "2003.02.27"]
[Round "5.1"]
[White "Wicklund Hansen, Richard"]
[Black "Wiemer, Juergen"]
[Result "0-1"]
[WhiteElo "2046"]
[BlackElo "2043"]
[EventDate "2003.02.23"]
[PlyCount "128"]

1.g3 e5 2.e4 Bc5 3.Nf3 d6 4.d3 Bg4 5.Bg2 Nc6 6.c3 Nf6 7.Nbd2 O-O 8.a4 a5 
9.Nc4 Re8 10.O-O Qd7 11.Re1 h6 12.Qc2 b6 13.Be3 Bh3 14.Bh1 Bxe3 15.Nxe3 
Be6 16.Rac1 Rad8 17.d4 exd4 18.Nxd4 Nxd4 19.cxd4 c5 20.d5 Bg4 21.Nc4 b5 
22.axb5 Qxb5 23.Qc3 a4 24.f3 Bc8 25.Na3 Qb6 26.Bg2 Ba6 27.Bf1 Rb8 28.Bxa6 
Qxa6 29.Nc4 Rb3 30.Qd2 Rxf3 31.e5 dxe5 32.Nxe5 Rb3 33.Rxc5 Qa7 34.Qa5 Qxa5
35.Rxa5 Nd7 36.d6 Rxb2 37.Nd3 Rxe1+ 38.Nxe1 Rd2 39.Ra8+ Kh7 40.Rxa4 Rxd6 
41.Nf3 Nc5 42.Ra7 Kg6 43.Ne5+ Kf6 44.Nxf7 Rd2 45.Nh8 Rd8 46.Rf7+ Ke6 47.
Rc7 Ne4 48.Ng6 Kf6 49.Nf4 g5 50.Rc6+ Kf5 51.Nh5 Kg4 52.Nf6+ Kf3 53.Rc1 Nd2
54.Rc3+ Ke2 55.Ng4 Nf3+ 56.Kg2 Ne1+ 57.Kg1 h5 58.Ne3 Rf8 59.h4 Rf2 60.Ng4 
hxg4 61.Kh1 gxh4 62.gxh4 Nf3 63.Rc2+ Ke3 64.Rxf2 Kxf2 0-1

[Event "EU-chT Seniors 05th"]
[Site "Dresden"]
[Date "2003.02.27"]
[Round "5.2"]
[White "Chernikov, Oleg L"]
[Black "Watzka, Horst"]
[Result "1-0"]
[WhiteElo "2459"]
[BlackElo "2337"]
[EventDate "2003.02.23"]
[PlyCount "71"]

1.d4 Nf6 2.Nf3 g6 3.c4 Bg7 4.Nc3 d6 5.e4 O-O 6.Be3 c6 7.Be2 Bg4 8.O-O Nbd7
9.Ne1 Bxe2 10.Qxe2 e5 11.d5 Ne8 12.Nd3 f5 13.f4 fxe4 14.Nxe4 cxd5 15.cxd5 
Ndf6 16.Nc3 Nc7 17.Qf3 e4 18.Nxe4 Nfxd5 19.Bf2 Qd7 20.Rfe1 Rae8 21.Rad1 b6
22.g3 Re6 23.Kg2 h6 24.b4 Ne7 25.Ndc5 bxc5 26.Nxc5 Qc8 27.Nxe6 Nxe6 28.
Rxd6 Rf6 29.Qb3 Kf7 30.Bd4 Nf5 31.Bxf6 Nxd6 32.Bxg7 Nc4 33.Be5 Qa6 34.Qd3 
Qc6+ 35.Kh3 Nf8 36.Rc1 1-0

[Event "EU-chT Seniors 05th"]
[Site "Dresden"]
[Date "2003.02.27"]
[Round "5.2"]
[White "Golcman, Evgeny"]
[Black "Rudnik, Heinz"]
[Result "1/2-1/2"]
[WhiteElo "2350"]
[BlackElo "2011"]
[EventDate "2003.02.23"]
[PlyCount "66"]

1.c4 e6 2.Nf3 Nf6 3.g3 b6 4.Bg2 Bb7 5.O-O c5 6.Nc3 Be7 7.d4 cxd4 8.Qxd4 
O-O 9.b3 d5 10.Ne5 Nc6 11.Nxc6 Bxc6 12.Bb2 Bc5 13.Qd2 Qe7 14.Rad1 Rad8 15.
Qc2 Qb7 16.cxd5 Nxd5 17.Nxd5 Bxd5 18.Bxd5 Rxd5 19.Rxd5 Qxd5 20.Rd1 Qb7 21.
Qc4 Qe7 22.Kg2 h6 23.Rd3 Rd8 24.Qg4 g5 25.Qe4 Rxd3 26.exd3 Qd7 27.b4 Bf8 
28.Qe5 f5 29.b5 Bg7 30.Qb8+ Kh7 31.Bxg7 Kxg7 32.d4 Qd5+ 33.Kg1 Qe4 1/2-1/2

[Event "EU-chT Seniors 05th"]
[Site "Dresden"]
[Date "2003.02.27"]
[Round "5.2"]
[White "Just, Joachim"]
[Black "Grubiak, Roman"]
[Result "1-0"]
[WhiteElo "2136"]
[BlackElo "2103"]
[EventDate "2003.02.23"]
[PlyCount "75"]

1.e3 g6 2.f4 d6 3.Nf3 Bg7 4.Be2 Nh6 5.d3 c6 6.Nc3 Bg4 7.O-O e6 8.Qe1 Nf5 
9.Nd1 Nd7 10.c3 d5 11.Nf2 Bxf3 12.Bxf3 h5 13.e4 Ne7 14.Be3 O-O 15.Qe2 c5 
16.g4 hxg4 17.Nxg4 f5 18.exf5 exf5 19.Ne5 Nxe5 20.fxe5 b6 21.Bg5 Re8 22.
Qg2 Rb8 23.Rae1 b5 24.Bxe7 Rxe7 25.Bxd5+ Kh7 26.Qh3+ Bh6 27.Bg2 Qc7 28.d4 
Rd8 29.Rf4 Kg7 30.Rh4 Rh8 31.Kh1 cxd4 32.cxd4 Qc2 33.Qa3 Rc7 34.Qd6 Kh7 
35.Qf6 Qd2 36.Rg1 Rg8 37.e6 Rf8 38.Qxf8 1-0

[Event "EU-chT Seniors 05th"]
[Site "Dresden"]
[Date "2003.02.27"]
[Round "5.2"]
[White "Kahn, Manfred"]
[Black "Langenfeld, Heinz"]
[Result "1-0"]
[WhiteElo "2187"]
[BlackElo "1942"]
[EventDate "2003.02.23"]
[PlyCount "55"]

1.d4 d5 2.c4 c6 3.Nc3 Nf6 4.e3 e6 5.Nf3 Bd6 6.Qc2 Nbd7 7.Bd3 O-O 8.O-O 
dxc4 9.Bxc4 e5 10.h3 exd4 11.exd4 h6 12.Bxh6 Nb6 13.Qg6 Ne8 14.Ng5 Qxg5 
15.Bxf7+ Rxf7 16.Bxg5 Bf5 17.Qh5 g6 18.Qe2 Ng7 19.g4 Bd7 20.Qd3 Kh7 21.Ne4
Bf5 22.gxf5 Rxf5 23.Nxd6 Rxg5+ 24.Kh2 Rf8 25.f4 Rh5 26.Ne4 Rxf4 27.Ng5+ 
Kh6 28.Nf7+ 1-0

[Event "EU-chT Seniors 05th"]
[Site "Dresden"]
[Date "2003.02.27"]
[Round "5.2"]
[White "Karl, Hans"]
[Black "Tuerk, Heinz"]
[Result "1-0"]
[WhiteElo "2286"]
[BlackElo "2120"]
[EventDate "2003.02.23"]
[PlyCount "79"]

{Rochade Europa 4/2003} 
1.d4 Nf6 2.c4 e6 3.Nc3 c5 4.d5 exd5 5.cxd5 d6 6.e4 g6 7.Bg5 Bg7 8.Qd2 h6 
9.Bf4 g5 10.Bg3 $6 
    ( {Zu prüfen war hier} 10.Bb5+ $5 {Nach} 10...Kf8 {steht Weiss gut,} 
        ( {aber zu beachten ist natürlich auch} 10...Bd7 $6 11.Bxd6 Bxb5 
        12.Nxb5 Nxe4 13.Qe2 Qa5+ 14.Kf1 $1 )
    )
10...O-O $6 
    ( {Besser war es sofort mit} 10...Nh5 $1 {den Bg3 zu belästigen.} )
11.f3 Nh5 $6 12.Bf2 Nd7 13.h4 Nf4 14.g3 Ng6 {Zu umständlich war dieser 
Rappe unterwegs.} 15.hxg5 hxg5 16.Be3 f6 
    ( 16...Bf6 17.Nh3 {war auch recht unangenehm.} )
17.f4 $1 {Den Springern muss das e5-Feld genommen werden.} 17...g4 $1 18.
Bd3 c4 19.Bc2 {Es konnte schon auf c4 genommen werden.} 19...Kf7 20.Nge2 
Rh8 21.O-O-O a6 22.Nd4 Rh3 23.Nf5 $1 
    ( {Besser als} 23.Ne6 {,denn nach einem Schlagen muss der Springer auf
    g6 weichen.} )
23...Ndf8 24.Qe2 $1 {Bauer g4 fällt auf jeden Fall, ist aber auch der 
feste Figurenknäul zu entwirren?} 24...Bxf5 25.exf5 Ne7 26.Qxg4 Rxh1 27.
Rxh1 b5 28.Qh5+ $1 Kg8 29.Bd4 $1 {Da musste lange gerechnet werden! Gegen 
den schwarzen Gegenstoss am Damenflügel muss etwas unternommen werden.} 
29...b4 30.Ne4 Nxd5 31.Ng5 $3 {Droht einfach ein # auf f7.} 31...fxg5 
    ( 31...Ra7 $2 {geht nicht wegen des Bd4} )
    ( {und} 31...Qe8 {kann mit} 32.Be4 $1 {beantwortet werden.} )
32.Bxg7 Kxg7 33.fxg5 Qe7 34.f6+ $2 {Schade!} 
    ( {Nach} 34.Qh8+ $1 Kf7 35.Rh7+ $1 Nxh7 {wäre} 
        ( 35...Ke8 36.Ba4+ Kd8 37.Rxe7 Kxe7 38.Qg7+ )
    36.g6# {ein Traum gewesen!} )
34...Nxf6 35.Qh6+ Kf7 $1 36.Rf1 Qe3+ 37.Kb1 Ke8 38.Qxf6 Kd7 {Es ist jetzt 
auch so aus, wenn auch etwas prosaischer!} 39.Qf7+ Qe7 40.Ba4+ 1-0

[Event "EU-chT Seniors 05th"]
[Site "Dresden"]
[Date "2003.02.27"]
[Round "5.2"]
[White "Lieb, Harald"]
[Black "Opl, Klaus"]
[Result "1/2-1/2"]
[WhiteElo "2336"]
[BlackElo "2283"]
[EventDate "2003.02.23"]
[PlyCount "55"]

1.d4 d5 2.c4 c6 3.Nf3 Nf6 4.Nc3 e6 5.g3 dxc4 6.a4 c5 7.Bg2 Nc6 8.e3 cxd4 
9.exd4 Be7 10.O-O O-O 11.Qe2 Na5 12.Be3 Bd7 13.Ne5 Rc8 14.Rad1 Bc6 15.Bxc6
bxc6 16.Nxc4 Nxc4 17.Qxc4 Nd5 18.Rb1 Qb6 19.Ne4 Rfd8 20.Bg5 Bxg5 21.Nxg5 
Nb4 22.Nf3 Rd5 23.Rbc1 a5 24.Rfd1 Rcd8 25.Qe2 h6 26.Rd2 Qa7 27.Qe3 Qb6 28.
Rc4 1/2-1/2

[Event "EU-chT Seniors 05th"]
[Site "Dresden"]
[Date "2003.02.27"]
[Round "5.2"]
[White "Lindner, Jan Joost"]
[Black "Villing, Dieter"]
[Result "1-0"]
[WhiteElo "2093"]
[BlackElo "2171"]
[EventDate "2003.02.23"]
[PlyCount "65"]

1.c4 e5 2.Nc3 Nf6 3.e4 c6 4.f4 d6 5.Nf3 Nbd7 6.Be2 Be7 7.O-O O-O 8.Kh1 Qc7
9.d3 Rd8 10.Qe1 Nc5 11.h3 a6 12.Be3 exf4 13.Bxf4 Ne6 14.Be3 b5 15.Qf2 Rb8 
16.cxb5 axb5 17.Rac1 Qa5 18.b3 Bd7 19.Nh4 Be8 20.Nf5 Bf8 21.Qg3 Kh8 22.e5 
dxe5 23.Qxe5 Nd7 24.Qg3 Ndc5 25.d4 b4 26.dxc5 bxc3 27.Bc4 Nxc5 28.Nh6 gxh6
29.Qe5+ Kg8 30.Rf3 Ne4 31.Qxa5 Bd7 32.Qe5 Re8 33.Bxf7# 1-0

[Event "EU-chT Seniors 05th"]
[Site "Dresden"]
[Date "2003.02.27"]
[Round "5.2"]
[White "Mueckan, Friedbert"]
[Black "Starke, Burkhard"]
[Result "1/2-1/2"]
[WhiteElo "1938"]
[BlackElo "2080"]
[EventDate "2003.02.23"]
[PlyCount "23"]

1.e4 c6 2.d4 d5 3.e5 Na6 4.c3 Nc7 5.Bd3 g6 6.Be3 h5 7.f4 Nh6 8.Nf3 Bf5 9.
Bxf5 Nxf5 10.Bf2 h4 11.Ng5 f6 12.Nh3 1/2-1/2

[Event "EU-chT Seniors 05th"]
[Site "Dresden"]
[Date "2003.02.27"]
[Round "5.2"]
[White "Mueller, Siegmar"]
[Black "Koksch, Guenther"]
[Result "0-1"]
[WhiteElo "1821"]
[BlackElo "2191"]
[EventDate "2003.02.23"]
[PlyCount "132"]

1.Nc3 d5 2.e4 e6 3.exd5 exd5 4.d4 Bb4 5.Nf3 Bg4 6.Be2 Ne7 7.O-O c6 8.Ne5 
Bxe2 9.Qxe2 f6 10.Nd3 Bd6 11.Bf4 Kf7 12.Rfe1 Qd7 13.Qf3 Qc7 14.Re2 Na6 15.
Rae1 Rhe8 16.Qh5+ Kg8 17.Bxd6 Qxd6 18.Re6 Qd7 19.Na4 b6 20.b3 Ng6 21.Qe2 
Nc7 22.Rxe8+ Rxe8 23.Qd2 Nb5 24.c3 Re6 25.Kf1 Qd6 26.Rxe6 Qxe6 27.Qe3 Kf7 
28.Nf4 Qf5 29.Nd3 Qh5 30.Ne1 Qxh2 31.Nf3 Qh1+ 32.Ng1 Qh5 33.Nf3 Qf5 34.Ne1
Nd6 35.Qe2 Ne4 36.Nf3 b5 37.Nc5 Nxc3 38.Qe1 Ne4 39.Qa5 Nxc5 40.dxc5 Qd7 
41.Nd4 Ne7 42.Qd2 Nf5 43.g3 h5 44.Qc1 g6 45.Qd2 Nxd4 46.Qxd4 Qh3+ 47.Kg1 
Qg4 48.Qd2 Kg7 49.Qe1 Qe4 50.Qa5 Qe7 51.Qa3 d4 52.b4 g5 53.Qf3 Qe8 54.Qd1 
Qe4 55.Qxh5 d3 56.Kf1 Qxb4 57.Qe8 Qc4 58.Qd7+ Kh6 59.Qxc6 d2+ 60.Kg2 Qd4 
61.Qa8 d1=Q 62.Qh8+ Kg6 63.Qg8+ Kf5 64.Qh7+ Ke5 65.Qe7+ Kd5 66.Qb7+ Kc4 
0-1

[Event "EU-chT Seniors 05th"]
[Site "Dresden"]
[Date "2003.02.27"]
[Round "5.2"]
[White "Nautsch, Werner"]
[Black "Hoen, Ragnar Harald"]
[Result "1/2-1/2"]
[WhiteElo "2279"]
[BlackElo "2269"]
[EventDate "2003.02.23"]
[PlyCount "119"]

1.d4 Nf6 2.c4 e6 3.Nc3 d5 4.Nf3 Be7 5.Bg5 O-O 6.e3 b6 7.Bd3 Bb7 8.O-O Nbd7
9.Rc1 c5 10.Qe2 a6 11.b3 Re8 12.Rfd1 Qc7 13.Bb1 Bd6 14.e4 cxd4 15.Rxd4 Bc5
16.Rd2 dxe4 17.Nxe4 Nxe4 18.Bxe4 Nf8 19.Rcd1 f6 20.Bxb7 Qxb7 21.Be3 Qc7 
22.Bxc5 bxc5 23.Rd3 Rad8 24.Qd2 Rxd3 25.Qxd3 Re7 26.Qe3 Rd7 27.Rxd7 Qxd7 
28.g3 Qd6 29.Ne1 e5 30.Nd3 Ne6 31.Qe4 Qd4 32.Qd5 Kf7 33.b4 cxb4 34.Nxb4 
Qxd5 35.Nxd5 Nc5 36.Kf1 Ke6 37.Ke2 Kd6 38.h4 f5 39.h5 a5 40.Kf3 Ne4 41.Ne3
g6 42.g4 Ng5+ 43.Ke2 f4 44.hxg6 hxg6 45.Nc2 Kc5 46.Kd3 e4+ 47.Kc3 Ne6 48.
Ne1 Nd4 49.g5 a4 50.Ng2 Ne2+ 51.Kd2 Kxc4 52.Nh4 Nd4 53.Nxg6 Nf3+ 54.Kc2 e3
55.fxe3 fxe3 56.Nf4 Nxg5 57.Ng2 Kd4 58.Nxe3 Kxe3 59.Kc3 Ne4+ 60.Kb4 
1/2-1/2

[Event "EU-chT Seniors 05th"]
[Site "Dresden"]
[Date "2003.02.27"]
[Round "5.2"]
[White "Potthammel, Joerg"]
[Black "Forselv, Edmund"]
[Result "0-1"]
[WhiteElo "2107"]
[BlackElo "1853"]
[EventDate "2003.02.23"]
[PlyCount "74"]

1.e4 d5 2.exd5 Qxd5 3.Nc3 Qa5 4.Bc4 Nf6 5.d3 Bf5 6.Bd2 c6 7.Nge2 e6 8.Ng3 
Bd6 9.Nce4 Qd8 10.Nxf5 exf5 11.Nxd6+ Qxd6 12.Qe2+ Kd8 13.O-O-O Nd5 14.Rhe1
Nd7 15.d4 b5 16.Ba5+ Kc8 17.Bb3 Qxh2 18.g3 Qh6+ 19.Kb1 Qd6 20.c4 bxc4 21.
Bxc4 N7b6 22.Ba6+ Kd7 23.Qc2 g6 24.Rc1 Rae8 25.Bb7 Re6 26.Rxe6 fxe6 27.
Bxc6+ Ke7 28.Bb7 h5 29.Qd2 Kf6 30.Ba6 g5 31.Rh1 h4 32.a3 f4 33.gxh4 gxh4 
34.f3 Ne3 35.Qf2 Nf5 36.Bd3 Qd5 37.Bc3 Na4 0-1

[Event "EU-chT Seniors 05th"]
[Site "Dresden"]
[Date "2003.02.27"]
[Round "5.2"]
[White "Richardson, Keith B"]
[Black "Farrand, Julian"]
[Result "1/2-1/2"]
[WhiteElo "2141"]
[BlackElo "2002"]
[EventDate "2003.02.23"]
[PlyCount "80"]

1.c4 d6 2.Nc3 e5 3.g3 Nf6 4.Bg2 Be7 5.Nf3 c6 6.O-O O-O 7.e4 Nbd7 8.d4 Re8 
9.h3 a6 10.Be3 b5 11.c5 Qc7 12.cxd6 Bxd6 13.Rc1 Qb8 14.Qc2 Bb7 15.Rfd1 g6 
16.dxe5 Nxe5 17.Nxe5 Bxe5 18.f4 Bxc3 19.bxc3 Qc7 20.Bd4 Nh5 21.Qf2 c5 22.
Be5 Qe7 23.g4 Ng7 24.g5 c4 25.Rd6 Rad8 26.Rcd1 Rxd6 27.Rxd6 Rd8 28.Qd4 
Rxd6 29.Qxd6 Qxd6 30.Bxd6 Nh5 31.Kf2 f6 32.gxf6 Nxf6 33.Ke3 Kf7 34.Be5 Nd7
35.Bd4 Nf8 36.h4 Nd7 37.Bf3 Nb8 38.a3 Nd7 39.Bg4 Ke7 40.Bf3 Nb8 1/2-1/2

[Event "EU-chT Seniors 05th"]
[Site "Dresden"]
[Date "2003.02.27"]
[Round "5.2"]
[White "Schwertel, Hans"]
[Black "Norman, Dinah M"]
[Result "1-0"]
[WhiteElo "2050"]
[BlackElo "2012"]
[EventDate "2003.02.23"]
[PlyCount "139"]

1.d4 d5 2.Nf3 Nf6 3.Bf4 c6 4.c3 Bf5 5.Nbd2 e6 6.e3 Be7 7.Be2 h6 8.h3 Nbd7 
9.O-O O-O 10.Ne5 Ne4 11.Nxe4 Bxe4 12.Bd3 Nf6 13.Qe2 a5 14.f3 Bxd3 15.Nxd3 
Nh5 16.Bh2 Bh4 17.f4 Ng3 18.Bxg3 Bxg3 19.Qg4 Bh4 20.Ne5 Bf6 21.Nd3 Qc7 22.
Rf2 b6 23.Raf1 Rae8 24.Qh5 Kh7 25.Ne5 g6 26.Qd1 Bg7 27.Qd3 f5 28.Nf3 b5 
29.b3 Qb6 30.a4 Rb8 31.Ra2 Rf7 32.Rfa1 Ra7 33.Rb1 Qc7 34.Nd2 Bf8 35.Qe2 
Be7 36.g3 Bf6 37.Kg2 Bg7 38.h4 h5 39.Nf3 Bf6 40.Ne5 Be7 41.Nd3 Bd6 42.Nb2 
Rab7 43.b4 axb4 44.cxb4 bxa4 45.Rxa4 Qe7 46.Qd2 Qc7 47.Qc2 Rb6 48.Nd3 Rb5 
49.Qc3 R5b6 50.Qa3 R8b7 51.Nc5 Bxc5 52.dxc5 Qg7 53.Qb2 Rb8 54.Qxg7+ Kxg7 
55.Ra7+ R6b7 56.Ra6 Rxb4 57.Rxb4 Rxb4 58.Rxc6 Kf6 59.Rc7 Rc4 60.Kf2 Rc2+ 
61.Kf3 Rc3 62.Kf2 Rc2+ 63.Kf1 Rc1+ 64.Ke2 Rc2+ 65.Kd3 Rc1 66.Kd2 Rc4 67.
Rc8 e5 68.c6 Kf7 69.c7 Rc5 70.Rh8 1-0

[Event "EU-chT Seniors 05th"]
[Site "Dresden"]
[Date "2003.02.27"]
[Round "5.2"]
[White "Starck, Bodo"]
[Black "Malich, Burkhard"]
[Result "1/2-1/2"]
[WhiteElo "2252"]
[BlackElo "2368"]
[EventDate "2003.02.23"]
[PlyCount "37"]

1.d4 d5 2.c4 c6 3.Nf3 Nf6 4.Nc3 e6 5.Bg5 Be7 6.e3 a6 7.Rc1 Nbd7 8.cxd5 
exd5 9.Bd3 Nf8 10.Ne5 Ne6 11.Bh4 Nd7 12.Bg3 Nxe5 13.Bxe5 Bd6 14.Bxd6 Qxd6 
15.Qc2 g6 16.O-O O-O 17.Na4 f5 18.Nc5 Nxc5 19.Qxc5 1/2-1/2

[Event "EU-chT Seniors 05th"]
[Site "Dresden"]
[Date "2003.02.27"]
[Round "5.2"]
[White "Walke, Guenter"]
[Black "Jaeger, Erich"]
[Result "0-1"]
[WhiteElo "1748"]
[BlackElo "2219"]
[EventDate "2003.02.23"]
[PlyCount "50"]

1.d4 Nf6 2.e3 d6 3.f4 g6 4.Nf3 Bg7 5.Bd3 O-O 6.O-O Nbd7 7.c3 c5 8.Nbd2 Qc7
9.f5 e5 10.fxe6 fxe6 11.Kh1 Nb6 12.Ne4 Nxe4 13.Bxe4 Nd7 14.Bd2 Nf6 15.Bc2 
Bd7 16.Rc1 Bb5 17.Re1 Ng4 18.Kg1 d5 19.g3 Rf6 20.e4 Raf8 21.Bf4 Rxf4 22.
gxf4 Qxf4 23.Kg2 Ne3+ 24.Rxe3 Qxe3 25.a4 Be2 0-1

[Event "EU-chT Seniors 05th"]
[Site "Dresden"]
[Date "2003.02.27"]
[Round "5.3"]
[White "Beckel, Friedrich"]
[Black "Kahn, Peter"]
[Result "1-0"]
[WhiteElo "2127"]
[BlackElo "2143"]
[EventDate "2003.02.23"]
[PlyCount "25"]

1.e4 e5 2.Nf3 Nc6 3.Bb5 a6 4.Ba4 d6 5.O-O Bg4 6.h3 h5 7.d4 Qf6 8.hxg4 hxg4
9.dxe5 dxe5 10.Bg5 Qg6 11.Nxe5 Qe6 12.Qd5 Bd6 13.Bxc6+ 1-0

[Event "EU-chT Seniors 05th"]
[Site "Dresden"]
[Date "2003.02.27"]
[Round "5.3"]
[White "Boeckenhaupt, Rudi"]
[Black "Gafke, Manfred"]
[Result "1/2-1/2"]
[WhiteElo "2145"]
[BlackElo "1695"]
[EventDate "2003.02.23"]
[PlyCount "84"]

1.g3 d5 2.Bg2 Nf6 3.b3 e5 4.Bb2 Bd6 5.d3 O-O 6.Nd2 Bf5 7.e3 Nbd7 8.Ne2 c6 
9.O-O Re8 10.h3 Qc7 11.a3 Nf8 12.e4 Be6 13.c4 dxe4 14.dxe4 Rad8 15.Qc2 Qc8
16.Kh2 Rd7 17.Rad1 Bc7 18.Nf3 Rxd1 19.Rxd1 Ng6 20.Nc3 Rd8 21.c5 Rxd1 22.
Nxd1 Qd8 23.Ne3 h6 24.Bf1 Qd7 25.Nc4 Bxc4 26.Bxc4 Kf8 27.b4 Ke8 28.a4 a6 
29.Qe2 Ke7 30.b5 cxb5 31.axb5 axb5 32.Bxb5 Qd8 33.Nd2 Kf8 34.Nc4 Nd7 35.
Ba3 Kg8 36.f3 Nb8 37.Nd6 b6 38.Qc4 Qe7 39.Qd5 bxc5 40.Bxc5 Bxd6 41.Bxd6 
Qa7 42.Bc4 Qf2+ 1/2-1/2

[Event "EU-chT Seniors 05th"]
[Site "Dresden"]
[Date "2003.02.27"]
[Round "5.3"]
[White "Ehlert, Joachim"]
[Black "Petzold, Hans"]
[Result "1/2-1/2"]
[WhiteElo "1888"]
[BlackElo "1911"]
[EventDate "2003.02.23"]
[PlyCount "36"]

1.e4 e6 2.d4 d5 3.Nd2 Nc6 4.c3 dxe4 5.Nxe4 Qd5 6.Qc2 e5 7.dxe5 Qxe5 8.Nf3 
Qe7 9.Be3 Nf6 10.Bd3 Nxe4 11.Bxe4 Ne5 12.O-O-O Nxf3 13.Bxf3 Qf6 14.h4 Bd6 
15.Qa4+ Kf8 16.Bg5 Qg6 17.Rhe1 Bd7 18.Qd4 Bc6 1/2-1/2

[Event "EU-chT Seniors 05th"]
[Site "Dresden"]
[Date "2003.02.27"]
[Round "5.3"]
[White "Eis, Helko"]
[Black "Vink, Wim"]
[Result "1/2-1/2"]
[WhiteElo "2092"]
[BlackElo "2082"]
[EventDate "2003.02.23"]
[PlyCount "90"]

1.Nf3 d5 2.c4 c6 3.b3 Nf6 4.e3 g6 5.Bb2 Bg7 6.Be2 O-O 7.O-O b6 8.cxd5 Nxd5
9.Bxg7 Kxg7 10.Qc2 Bb7 11.d4 Nd7 12.Rd1 Rc8 13.e4 Nf4 14.Bf1 Qc7 15.g3 Nh5
16.Bh3 e6 17.Qb2 Kg8 18.Qd2 Kg7 19.Nc3 f5 20.Ng5 Rce8 21.d5 cxd5 22.exd5 
exd5 23.Nxd5 Qe5 24.Nc7 Ndf6 25.Qd6 Qxd6 26.Rxd6 Re2 27.Nce6+ Kh6 28.Nxf8 
Kxg5 29.Ne6+ Kh6 30.Nd4 Rb2 31.f3 Kg7 32.Rc1 Ba6 33.Ne6+ Kh6 34.g4 fxg4 
35.fxg4 Nxg4 36.Bxg4 Bb7 37.h3 Rg2+ 38.Kf1 Ng3+ 39.Ke1 Ne4 40.Rdd1 Ba6 41.
Rc4 Bxc4 42.bxc4 Rg1+ 43.Ke2 Nc3+ 44.Kd2 Nxd1 45.Bxd1 Rg3 1/2-1/2

[Event "EU-chT Seniors 05th"]
[Site "Dresden"]
[Date "2003.02.27"]
[Round "5.3"]
[White "Haakert, Juergen"]
[Black "Landgraf, Siegfried"]
[Result "1-0"]
[WhiteElo "2414"]
[BlackElo "2106"]
[EventDate "2003.02.23"]
[PlyCount "77"]

1.g3 g6 2.f4 Bg7 3.Nf3 c5 4.Bg2 Nc6 5.O-O d5 6.d3 e6 7.c3 Nge7 8.e4 O-O 9.
a4 b6 10.Na3 Bb7 11.Bd2 Qd7 12.Rb1 Rad8 13.Re1 dxe4 14.dxe4 Ba6 15.Nb5 Bb7
16.Be3 a6 17.Na3 Qc7 18.Qc2 Na5 19.Nd2 Rd7 20.Ndc4 Nxc4 21.Nxc4 b5 22.Na3 
b4 23.Nc4 a5 24.Rbd1 Rfd8 25.Rxd7 Rxd7 26.cxb4 axb4 27.Rd1 Rxd1+ 28.Qxd1 
Nc8 29.b3 Ba6 30.Bf1 Bxc4 31.Bxc4 Bf8 32.Kf2 Ne7 33.Bb5 Nc8 34.Qd7 Qxd7 
35.Bxd7 Nd6 36.Bc6 c4 37.e5 cxb3 38.exd6 b2 39.Be4 1-0

[Event "EU-chT Seniors 05th"]
[Site "Dresden"]
[Date "2003.02.27"]
[Round "5.3"]
[White "Harzer, Paul"]
[Black "Vager, Boris"]
[Result "1/2-1/2"]
[WhiteElo "2027"]
[BlackElo "2262"]
[EventDate "2003.02.23"]
[PlyCount "61"]

1.d4 e6 2.Nf3 f5 3.g3 Nf6 4.Bg2 Be7 5.c4 d6 6.Nc3 O-O 7.O-O Qe8 8.Qc2 Qh5 
9.b3 Nc6 10.Bb2 Bd7 11.Rad1 Rae8 12.a3 Bd8 13.d5 Ne5 14.Nxe5 dxe5 15.dxe6 
Bxe6 16.Nd5 Bxd5 17.Bxd5+ Kh8 18.Bf3 Qh3 19.Bg2 Qh5 20.Bf3 Ng4 21.Bxg4 
Qxg4 22.Rd5 Bf6 23.Kg2 f4 24.Qe4 c6 25.Rd3 Qc8 26.Rfd1 Rf7 27.f3 fxg3 28.
hxg3 g6 29.Rd6 Qf5 30.Qxf5 gxf5 31.e4 1/2-1/2

[Event "EU-chT Seniors 05th"]
[Site "Dresden"]
[Date "2003.02.27"]
[Round "5.3"]
[White "Krawiec, Witold"]
[Black "Dorawa, Bernhard"]
[Result "1/2-1/2"]
[WhiteElo "1903"]
[BlackElo "2152"]
[EventDate "2003.02.23"]
[PlyCount "77"]

1.e4 c5 2.Nf3 d6 3.d4 cxd4 4.Nxd4 Nf6 5.Nc3 a6 6.Be2 e6 7.g4 Qc7 8.g5 Nfd7
9.f4 Nc6 10.Nb3 b6 11.Bf3 Bb7 12.Be3 Nc5 13.Qd2 Rd8 14.Rd1 Be7 15.Qg2 b5 
16.a3 b4 17.axb4 Nxb4 18.Rd2 Nxc2+ 19.Rxc2 Nxb3 20.O-O Rc8 21.h4 O-O 22.
Nd5 Qd7 23.Nf6+ Bxf6 24.gxf6 g6 25.Qg5 Kh8 26.Qh6 Rg8 27.Rh2 d5 28.Bd1 d4 
29.Bxb3 dxe3 30.e5 Qd4 31.Re2 Qe4 32.Kh2 Rgd8 33.Qg5 Rd2 34.Rxd2 exd2 35.
Bd1 Qd4 36.b3 a5 37.Qg3 Be4 38.Rf2 Bc6 39.Rf1 1/2-1/2

[Event "EU-chT Seniors 05th"]
[Site "Dresden"]
[Date "2003.02.27"]
[Round "5.3"]
[White "Kristiansen, Erling"]
[Black "Bachmann, Karlheinz"]
[Result "1/2-1/2"]
[WhiteElo "2263"]
[BlackElo "2281"]
[EventDate "2003.02.23"]
[PlyCount "33"]

1.d4 d5 2.c4 dxc4 3.Nf3 Nf6 4.e3 e6 5.Bxc4 c5 6.O-O a6 7.Qe2 b5 8.Bb3 Bb7 
9.Rd1 Nbd7 10.Nc3 Qb8 11.Bc2 Bd6 12.e4 cxd4 13.Rxd4 Bc5 14.Rd1 Ng4 15.Rf1 
O-O 16.h3 Nge5 17.Bf4 1/2-1/2